[Event "St Petersburg March op"]
[Site "St Petersburg"]
[Date "2008.03.23"]
[Round "2"]
[White "Chekmenev, Vladimir"]
[Black "Sokolova, Vera Evgenyevna"]
[Result "0-1"]
[WhiteElo "1868"]
[BlackElo "2057"]
[PlyCount "68"]
[EventDate "2008.03.22"]
[EventType "swiss"]
[EventRounds "9"]
[EventCountry "RUS"]
[SourceTitle "EXT 2010"]
[Source "ChessBase"]
[SourceDate "2010.11.25"]
[SourceVersion "1"]
[SourceVersionDate "2010.11.25"]
[SourceQuality "1"]

1. e4 c5 2. Nf3 Nc6 3. Bb5 g6 4. Bxc6 bxc6 5. 0-0 Bg7 6. Re1 e5 7. d3 Rb8 8. b3 Ne7 9. Ba3 d6 10. Nc3 0-0 11. Na4 f5 12. c3 Qc7 13. Qe2 fxe4 14. dxe4 Bg4 15. Qc4+ Kh8 16. Ng5 Ng8 17. f3 Qe7 18. Bc1 Bd7 19. f4 exf4 20. Nf3 Bg4 21. Qd3 Rbd8 22. Bb2 Nf6 23. c4 Rfe8 24. Nd2 Nd7 25. Bxg7+ Qxg7 26. h3 Ne5 27. Qc3 Bh5 28. Nf3 Bxf3 29. gxf3 Qh6 30. Kh2 Qh4 31. Rg1 Qf2+ 32. Kh1 Qxf3+ 33. Kh2 Qxc3 34. Nxc3 Nf3+ 0-1

[Event "St Petersburg March op"]
[Site "St Petersburg"]
[Date "2008.03.22"]
[Round "1"]
[White "Guzenko, Artem"]
[Black "Chekmenev, Vladimir"]
[Result "1-0"]
[WhiteElo "2088"]
[BlackElo "1868"]
[PlyCount "61"]
[EventDate "2008.03.22"]
[EventType "swiss"]
[EventRounds "9"]
[EventCountry "RUS"]
[SourceTitle "EXT 2010"]
[Source "ChessBase"]
[SourceDate "2010.11.25"]
[SourceVersion "1"]
[SourceVersionDate "2010.11.25"]
[SourceQuality "1"]

1. e4 c5 2. Nf3 Nc6 3. d4 cxd4 4. Nxd4 e5 5. Nb3 Nf6 6. Bg5 h6 7. Bxf6 Qxf6 8. a3 d6 9. c4 Be6 10. Nc3 Rc8 11. Rc1 Qd8 12. Bd3 Be7 13. 0-0 Bg5 14. Rc2 0-0 15. Ne2 Qb6 16. Rc3 a5 17. Nd2 Bxd2 18. Qxd2 Ne7 19. Ng3 Qd4 20. Ne2 Qc5 21. b4 axb4 22. axb4 Qa7 23. Rfc1 Rc6 24. R3c2 Ra8 25. Ng3 Ra6 26. c5 Rc6 27. Bb5 dxc5 28. Bxc6 Nxc6 29. Rxc5 Qa4 30. Qc3 Qxb4 31. Rxc6 1-0

[Event "St Petersburg op"]
[Site "St Petersburg"]
[Date "2007.11.03"]
[Round "8"]
[White "Chekmenev, Vladimir"]
[Black "Voronenkov, Sergey"]
[Result "0-1"]
[WhiteElo "1871"]
[BlackElo "2015"]
[PlyCount "82"]
[EventDate "2007.10.27"]
[EventType "swiss"]
[EventRounds "9"]
[EventCountry "RUS"]
[SourceTitle "CBM 121 Extra"]
[Source "ChessBase"]
[SourceDate "2008.01.10"]
[SourceVersion "1"]
[SourceVersionDate "2008.01.10"]
[SourceQuality "1"]

1. e4 c5 2. Nf3 d6 3. d4 cxd4 4. Nxd4 Nf6 5. Nc3 e6 6. Bb5+ Bd7 7. g4 Bc6 8. g5 Nfd7 9. Be3 a6 10. Bc4 Nc5 11. Qg4 b5 12. Nxc6 Nxc6 13. Be2 b4 14. Nd1 Ne5 15. Qg3 Qa5 16. 0-0 Be7 17. f4 Ned7 18. Nf2 Rc8 19. a3 b3 20. c3 Na4 21. Ng4 Nxb2 22. Rfb1 Nc4 23. Rxb3 Nxe3 24. Qxe3 d5 25. Qf3 dxe4 26. Qg3 0-0 27. Rc1 Bxa3 28. Rc2 Bc5+ 29. Kg2 Rb8 30. Rxb8 Rxb8 31. Nf6+ Nxf6 32. gxf6 g6 33. f5 Re8 34. fxe6 Rxe6 35. Qh4 Qd8 36. Qg5 Bf8 37. Ra2 Rxf6 38. Qe3 Qc8 39. Qxe4 Qc5 40. Qd4 Qg5+ 41. Qg4 Qd5+ 0-1

[Event "St Petersburg op"]
[Site "St Petersburg"]
[Date "2007.10.27"]
[Round "1"]
[White "Korchagina, Victoria"]
[Black "Chekmenev, Vladimir"]
[Result "1-0"]
[WhiteElo "2173"]
[BlackElo "1871"]
[PlyCount "39"]
[EventDate "2007.10.27"]
[EventType "swiss"]
[EventRounds "9"]
[EventCountry "RUS"]
[SourceTitle "CBM 121 Extra"]
[Source "ChessBase"]
[SourceDate "2008.01.10"]
[SourceVersion "1"]
[SourceVersionDate "2008.01.10"]
[SourceQuality "1"]

1. e4 c5 2. Nf3 Nc6 3. d4 cxd4 4. Nxd4 e5 5. Nb5 Nf6 6. N1c3 d6 7. Bg5 a6 8. Na3 b5 9. Bxf6 gxf6 10. Nd5 f5 11. c3 Bg7 12. exf5 Bxf5 13. Nc2 0-0 14. Nce3 Be6 15. Bd3 f5 16. Bc2 Rc8 17. Qh5 e4 18. Nf4 Bf7 19. Qxf5 Bg6 20. Qe6+ 1-0